Countries with Top 200 Universities (2018) - Statistics

General Stats
  • This quiz has been taken 174 times
  • The average score is 24 of 27
Answer Stats
#Universities Country % Correct
31 United Kingdom
100%
62 United States
100%
7 China
98%
6 France
98%
20 Germany
98%
2 Italy
98%
2 Spain
97%
6 Sweden
97%
8 Australia
95%
2 Japan
95%
1 Norway
95%
13 Netherlands
94%
6 Canada
93%
2 Finland
93%
1 Russia
93%
7 Switzerland
91%
4 Belgium
89%
3 Denmark
88%
1 Austria
86%
1 Ireland
84%
1 New Zealand
84%
4 South Korea
83%
2 Singapore
72%
1 South Africa
68%
1 Taiwan
66%
1 Luxembourg
54%
5 Hong Kong
40%
No matching quizzes found
Score Distribution
Percent of People with Each Score
Percentile by Number Answered
Your Score History
You have not taken this quiz